[Event "Reunion IBM op"]
[Site "Reunion"]
[Date "1997.??.??"]
[Round "7"]
[White "Gretry, Patrice"]
[Black "Lorans, D."]
[Result "1-0"]
[WhiteElo "1790"]
[BlackElo "1750"]
[PlyCount "65"]
[EventDate "1997.??.??"]
[EventType "swiss"]
[EventRounds "9"]
[EventCountry "RUF"]
[SourceTitle "EXT 1998"]
[Source "ChessBase"]
[SourceDate "1997.11.17"]
[SourceVersion "1"]
[SourceVersionDate "1997.11.17"]
[SourceQuality "1"]

1. e4 e6 2. d4 d5 3. e5 c5 4. c3 Nc6 5. Nf3 Nge7 6. Bd3 Nf5 7. Bxf5 exf5 8. 0-0 h6 9. dxc5 Bxc5 10. b4 Be7 11. b5 Na5 12. Qd4 Be6 13. Nbd2 b6 14. a4 Bc5 15. Qd3 Qe7 16. Nd4 Rc8 17. Nxf5 Qg5 18. Nd6+ Bxd6 19. exd6 0-0 20. Ba3 Rfd8 21. Nf3 Qf5 22. Qxf5 Bxf5 23. Bb4 Nc4 24. Nd4 Bd7 25. Rfd1 Nb2 26. Rd2 Nc4 27. Re2 Be8 28. Rae1 Bd7 29. Re7 Nb2 30. Nc6 Nd3 31. Nxd8 Rxd8 32. Rxd7 Rxd7 33. Re7 1-0